000
00223nam a2200085Ia 4500
008
220204s9999 xx 000 0 und d
245
0
_a
Rubberinu rainguarding (Malayalam)
260
_a
Kottayam
_b
Rubber Board
_c
2009
942
_c
BK
999
_c
44385
_d
44385